000
00293nam a22001337a 4500
008
170512b xxu||||| |||| 00| 0 eng d
020
_a
052131349X
041
_a
eng
080
_a
94(3)
100
_a
15
101
_a
SHH
245
_a
THE SOURCES OF SOCIAL POWER
_c
MANN, M
942
_2
udc
_c
BK
999
_c
13325
_d
13325